000 00308nam a2200157Ia 4500
100 _aSanghvi/Vir
650 _aGeneral
942 _cBK
366 _f20
245 _aMen of steel
260 _bLotus collection
_c2007
082 _a808.83/SAN
_bSAN
300 _a109
546 _aENGLISH
999 _c28234
_d28234